| 000 | 01732cam a22004694i 4500 | ||
|---|---|---|---|
| 003 | PE-LiUPU | ||
| 005 | 20250731173513.0 | ||
| 008 | 150616s r 000 0 d | ||
| 020 | _a0800623967 | ||
| 035 | _a(Sirsi) i9780800623968 | ||
| 040 |
_aPE-LiUPU _bspa _cPE-LiUPU _erda |
||
| 049 | _aPRUA | ||
| 082 | 0 | 4 |
_a225.601 _bP28 _221 |
| 100 | 1 |
_aPatte, Daniel, _eautor. |
|
| 245 | 1 | 0 |
_aStructural Exegesis for New Testament Critics / _cDaniel Patte. |
| 264 | 1 |
_aMinneapolis : _bFortress Press, _c1971. |
|
| 300 |
_a134 páginas ; _c21 centímetros |
||
| 336 |
_atext _2rdacontent |
||
| 337 |
_aunmediated _2rdamedia |
||
| 338 |
_avolume _2rdacarrier |
||
| 490 | 0 | _aNew Testament Series | |
| 505 | 0 | _aInitiation: Structural Exegesis of John 3:1-21.- Beginning a Structural Exegesis.- The Formal Steps of a Structural Exegesis.- The Concluding Steps of a Structural Exegesis.- Exercises in Structural Exegesis.- Second Exercise in Structural Exegesis. | |
| 526 | _aSEG42 | ||
| 526 | _aSEG41 | ||
| 526 | _aSEG40 | ||
| 526 | _aSEG39 | ||
| 526 | _aP94 | ||
| 526 | _aP87 | ||
| 526 | _aP86 | ||
| 526 | _aP85 | ||
| 526 | _aP77 | ||
| 526 | _aP76 | ||
| 526 | _aP35 | ||
| 630 |
_aBiblia. _pN.T. _xCrítica, interpretación, etc. |
||
| 910 |
_ajck _bjvq _cjck |
||
| 942 |
_2ddc _cBOOK |
||
| 949 |
_a225.601 P28 _wDEWEY _c1 _i41279 _lCCODEBUL1 _mBUL _r0 _sY _tBOOK _u2015-6-16 _xTEOLOGIA _zUNKNOWN _0COMPRA _o.STAFF. Colección General |
||
| 994 |
_aC0 _bPEPRU |
||
| 596 | _a1 | ||
| 999 |
_a225.601 P28 _wDEWEY _c59044 _i41279 _f2021-11-9 _g5 _lCCODEBUL1 _mBUL _r0 _sY _tBOOK _u2015-6-16 _xTEOLOGIA _zUNKNOWN _0COMPRA _o.STAFF. Colección General _d59044 |
||
| 980 |
_81 _gALBERTO SANCHEZ Responsable de Automatización |
||